Beginning Tagalog (Record no. 185198)

MARC details
000 -LEADER
fixed length control field 00774nam a2200241Ia 4500
003 - CONTROL NUMBER IDENTIFIER
control field OSt
005 - DATE AND TIME OF LATEST TRANSACTION
control field 20220918190443.0
008 - FIXED-LENGTH DATA ELEMENTS--GENERAL INFORMATION
fixed length control field 220917b |||||||| |||| 00| 0 eng d
037 ## - SOURCE OF ACQUISITION
Terms of availability Textual
040 ## - CATALOGING SOURCE
Original cataloging agency ARTS
Transcribing agency ARTS
Language of cataloging eng
041 ## - LANGUAGE CODE
Source of code eng
Language code of text/sound track or separate title eng
100 ## - MAIN ENTRY--PERSONAL NAME
Personal name Dowen J Donald ed
9 (RLIN) 72627
245 #0 - TITLE STATEMENT
Title Beginning Tagalog
Remainder of title a course for speakers of English
260 ## - PUBLICATION, DISTRIBUTION, ETC.
Place of publication, distribution, etc. Berkeley
Name of publisher, distributor, etc. Univ Of california Press
Date of publication, distribution, etc. 1965
500 ## - GENERAL NOTE
General note Appendices (p.485-505 ); 1. Useful expressions; 2. Answer keys; 3. Verbal offix focus charis; 4. cardinal numerals
650 ## - SUBJECT ADDED ENTRY--TOPICAL TERM
Topical term or geographic name entry element LINGUISTICS
942 ## - ADDED ENTRY ELEMENTS (KOHA)
Classification part P931T, K5 (PD)
Koha item type Textual
Source of classification or shelving scheme Colon Classification (CC)
Holdings
Withdrawn status Lost status Damaged status Not for loan Home library Current library Date acquired Total Checkouts Full call number Barcode Date last seen Price effective from Koha item type
        Arts Library Arts Library 2022-09-18   P931T K5 (PD) AL0270623 2022-09-18 2022-09-18 Textual
Copyright @ Delhi University Library System